Bệnh dạ dày và đường ruột

Wedi'i Gadw mewn:
Manylion Llyfryddiaeth
Prif Awdur: NGUYỄN QUANG THÁI
Fformat: Llyfr
Iaith:Undetermined
Cyhoeddwyd: Văn hóa thông tin 2002
Tagiau: Ychwanegu Tag
Dim Tagiau, Byddwch y cyntaf i dagio'r cofnod hwn!
Thư viện lưu trữ: Trung tâm Học liệu Trường Đại học Cần Thơ
LEADER 00455nam a2200145Ia 4500
001 CTU_48635
008 210402s9999 xx 000 0 und d
082 |a 616.33 
082 |b V115 
100 |a NGUYỄN QUANG THÁI 
245 0 |a Bệnh dạ dày và đường ruột 
245 0 |c NGUYỄN QUANG THÁI, Vương Tụy Văn 
260 |b Văn hóa thông tin 
260 |c 2002 
980 |a Trung tâm Học liệu Trường Đại học Cần Thơ